Online
Catalog

Derecho bancario dominicano / (Record no. 50761)

MARC details
000 -CABECERA
campo de control de longitud fija 00940nam a2200265 i 4500
003 - IDENTIFICADOR DEL NÚMERO DE CONTROL
campo de control DO-SdBNP
005 - FECHA Y HORA DE LA ÚLTIMA TRANSACCIÓN
campo de control 20240404104626.0
007 - CAMPO FIJO DE DESCRIPCIÓN FÍSICA--INFORMACIÓN GENERAL
campo de control de longitud fija ta
008 - DATOS DE LONGITUD FIJA--INFORMACIÓN GENERAL
campo de control de longitud fija 211015e1989 dr ||||fr|||| 00| 0 spa d
040 ## - FUENTE DE LA CATALOGACIÓN
Centro catalogador/agencia de origen DO-SdBNP
Lengua de catalogación sps
Centro/agencia transcriptor BNPHU
Normas de descripción rda
082 #4 - NÚMERO DE LA CLASIFICACIÓN DECIMAL DEWEY
Número de edición 22
Número de documento/Ítem C389d
100 1# - ENTRADA PRINCIPAL--NOMBRE DE PERSONA
9 (RLIN) 10282
Nombre de persona Cedeño Jiménez, Victor Livio,
Fechas asociadas al nombre 1942-
Término indicativo de función/relación autor
245 10 - MENCIÓN DE TÍTULO
Título Derecho bancario dominicano /
Mención de responsabilidad, etc. Víctor Livio Cedeño J. ; prólogo, Roberto B. Saladin Selin.
264 ## - PRODUCCIÓN, PUBLICACIÓN, DISTRIBUCIÓN, FABRICACIÓN Y COPYRIGHT
Producción, publicación, distribución, fabricación y copyright Santo Domingo :
Nombre del de productor, editor, distribuidor, fabricante Fundación Hispano,
Fecha de producción, publicación, distribución, fabricación o copyright 1989.
300 ## - DESCRIPCIÓN FÍSICA
Extensión volumenes ;
Dimensiones 21 cm
336 ## - TIPO DE CONTENIDO
Fuente rdacontent
Término de tipo de contenido texto
Código de tipo de contenido txt
337 ## - TIPO DE MEDIO
Fuente rdamedia
Nombre/término del tipo de medio sin mediación
Código del tipo de medio n
338 ## - TIPO DE SOPORTE
Fuente rdacarrier
Nombre/término del tipo de soporte volumen
Código del tipo de soporte nc
500 ## - NOTA GENERAL
Nota general En la biblioteca se encuentra el v.1
500 ## - NOTA GENERAL
Nota general Incluye tabla de materia: p.207 - 213
590 ## - NOTA LOCAL (RLIN)
Nota local Inventariado 2021 / MF
650 #4 - PUNTO DE ACCESO ADICIONAL DE MATERIA--TÉRMINO DE MATERIA
9 (RLIN) 7945
Término de materia o nombre geográfico como elemento de entrada Derecho Bancario
Subdivisión geográfica República Dominicana
700 1# - PUNTO DE ACCESO ADICIONAL--NOMBRE DE PERSONA
9 (RLIN) 6281
Nombre de persona Saladin Selin, Roberto B.,
Fechas asociadas al nombre 1936-
Término indicativo de función/relación prólogo
942 ## - ELEMENTOS DE PUNTO DE ACCESO ADICIONAL (KOHA)
Fuente del sistema de clasificación o colocación Dewey Decimal Classification
Tipo de ítem Koha Libro
Holdings
Estado de retiro Estado de pérdida Fuente del sistema de clasificación o colocación Restricciones de uso No para préstamo Código de colección Localización permanente Ubicación/localización actual Ubicación en estantería Fecha de adquisición Fuente de adquisición Total de préstamos Signatura topográfica completa Código de barras Fecha visto por última vez Número de copia Precio válido a partir de Tipo de ítem Koha
    Dewey Decimal Classification Excluido de préstamo   Patrimonio Dominicano Biblioteca Nacional Pedro Henríquez Ureña Biblioteca Nacional Pedro Henríquez Ureña Depósito 15.10.2016 Donado por Feliz Manuel Tones   BNPHU PD C389d 2021-27411 15.10.2021 v.1 15.10.2021 Libro

Powered by Koha